Pour faire la version latine /

Guardado en:
Autor Principal: Gaffiot, Felix
Formato: Libro
Publicado: Paris : Croville, 1960
Materias:
Etiquetas: Agregar Etiqueta
Sin Etiquetas, Sea el primero en etiquetar este registro!
LEADER 00447nam a22001575a 4500
001 EHU.bham005856
003 AR-BHAM
005 20090504161654.0
008 130507s1960##################000#0#####d
082 4 7 |a 478 
100 1 |a Gaffiot, Felix 
245 1 0 |a Pour faire la version latine /  |c Felix Gaffiot. 
260 |a Paris :  |b Croville,  |c 1960 
300 |a 222 p. 
653 |a Latin clasico-uso del 
859 |a AR-BHAM  |b BIB. HUMANIDADES - General  |h 478  |i G12  |p 910.64  |t Ej.1